00414nam a2200157Ia 4500008004100000020000700041082001500048100002000063245003000083250000700113260003800120300003400158500000700192600003300199650002400232240925s9999 xx 000 0 und d aNA a796.44 POR aPorritt, Arthur 0aMore and More of Memories aNA aLondon:bGeorge Allen & UnwincNA aVarious pagesbN.AfPhotocopy aNA aHumanities & Natural Science aArts and Recreation